[Event "Moscow Open 2009 B"]
[Site "www.moscowchessopen.ru"]
[Date "2009.02.03"]
[Round "4.144"]
[White "Adamson, Garry"]
[Black "Kapov, Adam"]
[Result "1-0"]
[WhiteElo "2115"]
[BlackElo "1927"]
[Annotator ""]
[Source ""]
[Remark ""]

1.d4 Nf6 2.c4 e6 3.Nf3 d5 4.Nc3 Bb4 5.Bg5 O-O 6.Qb3 Bxc3+ 7.bxc3
c6 8.e3 Nbd7 9.c5 Qa5 10.Qb4 Qxb4 11.cxb4 Ne4 12.Bf4 f6 13.Be2
Re8 14.h4 Nc3 15.Bc7 e5 16.a4 a6 17.Ra3 Nxe2 18.Kxe2 e4 19.Nd2
Nf8 20.Bd6 Bd7 21.f3 f5 22.Bxf8 Rxf8 23.Kf2 Rf7 24.Kg3 h6 25.h5
Re8 26.Kf4 Kh7 27.Raa1 Rfe7 28.fxe4 fxe4 29.Kg3 Rf8 30.Raf1 Rg8
31.Rf4 g6 32.hxg6+ Rxg6+ 33.Kf2 Reg7 34.Rh2 Bg4 35.Nb1 Bd1 36.Nc3
Bb3 37.Rf8 Bc4 38.a5 Bb3 39.Ne2 Rg8 40.Rxg8 Rxg8 41.Rh1 Bc4 42.Nf4
Rf8 43.Kg3 Rg8+ 44.Kh4 Bb5 45.Rg1 Kg7 46.g4 Rh8 47.Rg2 Ba4 48.Rf2
Rb8 49.Nh5+ Kg6 50.Rf6+ Kh7 51.Rf7+ Kg8 52.Rg7+ Kh8 53.Rf7 Kg8
54.Rf6 Kh7 55.Ng3 Bd1 56.Nf5 Kg8 57.Nxh6+ Kg7 58.g5 Be2 59.Nf5+ 1-0

[Event "Moscow Open 2009 B"]
[Site "www.moscowchessopen.ru"]
[Date "2009.02.03"]
[Round "4.145"]
[White "Dudkin, Maxim"]
[Black "Seregin, Alexey"]
[Result "1/2-1/2"]
[WhiteElo "2104"]
[BlackElo "1916"]
[Annotator ""]
[Source ""]
[Remark ""]

1.b4 e5 2.Bb2 Bxb4 3.Bxe5 Nf6 4.c3 Be7 5.d4 Nc6 6.Bg3 d5 7.e3
Bf5 8.Bb5 a6 9.Bxc6+ bxc6 10.Nf3 O-O 11.Ne5 c5 12.O-O c4 13.Nc6
Qe8 14.Nxe7+ Qxe7 15.Bh4 Qe6 16.Bxf6 Qxf6 17.Nd2 Qg6 18.Qf3 Bd3
19.Rfe1 c6 20.e4 Qg5 21.Re3 Rab8 22.exd5 cxd5 23.Nf1 Rfe8 24.Rxe8+
Rxe8 25.Ne3 Be4 26.Qg3 Qxg3 27.hxg3 f6 1/2-1/2

[Event "Moscow Open 2009 B"]
[Site "www.moscowchessopen.ru"]
[Date "2009.02.03"]
[Round "4.146"]
[White "Jorov, Boris"]
[Black "Stroganov, Andrey"]
[Result "1-0"]
[WhiteElo "2099"]
[BlackElo "1915"]
[Annotator ""]
[Source ""]
[Remark ""]

1.c4 c5 2.Nc3 Nf6 3.g3 e6 4.Bg2 d5 5.cxd5 exd5 6.d4 cxd4 7.Qxd4
Nc6 8.Qa4 d4 9.Ne4 Nxe4 10.Bxe4 Bb4+ 11.Bd2 Bxd2+ 12.Kxd2 Qb6
13.Bxc6+ bxc6 14.Rc1 Qxb2+ 15.Rc2 Qb7 16.Nf3 O-O 17.Rhc1 d3 18.exd3
c5 19.Ne1 Be6 20.Rxc5 Qb2+ 21.R1c2 Qf6 22.Qf4 Qa1 23.Qe5 Qxe5
24.Rxe5 Rfd8 25.Ra5 Rd5 26.Rxd5 Bxd5 27.a3 a5 28.Rc5 Be6 29.d4
g6 30.d5 Rd8 31.Rxa5 Bxd5 32.Kc3 Kg7 33.Rc5 Be4 34.Rc4 f5 35.Rd4
Rc8+ 36.Kd2 Rb8 37.Rb4 Rd8+ 38.Ke2 Rd7 39.h4 Kf6 1-0

[Event "Moscow Open 2009 B"]
[Site "www.moscowchessopen.ru"]
[Date "2009.02.03"]
[Round "4.147"]
[White "Piskun, Alexey"]
[Black "Shubin, Gennady"]
[Result "1-0"]
[WhiteElo "2095"]
[BlackElo "1913"]
[Annotator ""]
[Source ""]
[Remark ""]

1.e4 c5 2.Nf3 Nc6 3.d4 cxd4 4.Nxd4 g6 5.c4 Bg7 6.Be3 Nf6 7.Nc3
Ng4 8.Qxg4 Nxd4 9.Qd1 Nc6 10.Qd2 O-O 11.Be2 d6 12.O-O Be6 13.f3
Rc8 14.Nd5 Re8 15.Rab1 b6 16.Rfc1 Qd7 17.b3 f5 18.Bd3 Ne5 19.Bc2
fxe4 20.Bxe4 Bf5 21.Nc3 Bxe4 22.Nxe4 Qf5 23.Re1 Rcd8 24.Rbd1
Nf7 25.Qb4 Qc8 26.Qb5 Qf5 27.Qa4 Ra8 28.Ng3 Qc8 29.Qb5 Kh8 30.Qd5
Ne5 31.Bd4 Qc6 32.Bxe5 1-0

[Event "Moscow Open 2009 B"]
[Site "www.moscowchessopen.ru"]
[Date "2009.02.03"]
[Round "4.148"]
[White "Krutov, Sergey"]
[Black "Chapygin, Sergey"]
[Result "0-1"]
[WhiteElo "1899"]
[BlackElo "2085"]
[Annotator ""]
[Source ""]
[Remark ""]

1.e4 e5 2.Nc3 Nf6 3.g3 Bc5 4.Bg2 Nc6 5.Nge2 d6 6.d3 O-O 7.O-O
a6 8.h3 Be6 9.Kh2 d5 10.exd5 Nxd5 11.f4 f6 12.f5 Bf7 13.Nxd5
Bxd5 14.Bxd5+ Qxd5 15.Nc3 Qd7 16.Ne4 Bb6 17.c3 Rad8 18.Rf3 Ne7
19.g4 Kh8 20.a4 a5 21.b3 Rf7 22.Ba3 Nd5 23.Bc1 Qc6 24.Bd2 Rfd7
25.c4 Nf4 26.Bxf4 exf4 27.Qf1 Be3 28.Rd1 Qxe4 0-1

[Event "Moscow Open 2009 B"]
[Site "www.moscowchessopen.ru"]
[Date "2009.02.03"]
[Round "4.149"]
[White "Romanov, Sergey"]
[Black "Rusinov, Mikhail"]
[Result "1-0"]
[WhiteElo "2083"]
[BlackElo "1911"]
[Annotator ""]
[Source ""]
[Remark ""]

1.e4 d6 2.d4 g6 3.Nc3 Bg7 4.Be3 a6 5.a4 Nf6 6.f3 O-O 7.Bc4 c6
8.Nge2 d5 9.exd5 Nxd5 10.Nxd5 cxd5 11.Bb3 Nc6 12.Nc3 e6 13.Qd2
Qh4+ 14.Bf2 Qf6 15.Rd1 Na7 16.O-O Bd7 17.Rfe1 b5 18.Bg3 b4 19.Ne2
a5 20.Bf4 Qd8 21.c3 bxc3 22.bxc3 Nc8 23.Ra1 Re8 24.Nc1 Qb6 25.Kh1
Ne7 26.Bc2 Rac8 27.Nd3 Bc6 28.Nc5 Nf5 29.g4 Ne7 30.Bd3 Qa7 31.Rab1
Bd7 32.Rb7 1-0

[Event "Moscow Open 2009 B"]
[Site "www.moscowchessopen.ru"]
[Date "2009.02.03"]
[Round "4.150"]
[White "Nepomnin, Vladilen"]
[Black "Gevondian, Arman"]
[Result "0-1"]
[WhiteElo "1888"]
[BlackElo "2081"]
[Annotator ""]
[Source ""]
[Remark ""]

1.e4 e5 2.Nf3 Nc6 3.Bb5 Bc5 4.O-O Nd4 5.Nxd4 Bxd4 6.c3 Bb6 7.d4
c6 8.Bc4 d6 9.dxe5 dxe5 10.Qb3 Qe7 11.Be3 Bxe3 12.fxe3 Nf6 13.Nd2
O-O 14.h3 b5 15.Bd3 Rd8 16.Qc2 Qd6 17.Nf3 Qxd3 18.Rad1 Qxe3+
19.Kh1 Rxd1 20.Qxd1 Be6 21.Qd6 Nxe4 22.Qxe5 Bd5 23.Kh2 Nd2 24.Qxe3
Nxf1+ 0-1

[Event "Moscow Open 2009 B"]
[Site "www.moscowchessopen.ru"]
[Date "2009.02.03"]
[Round "4.151"]
[White "Nizhegorodtsev, Dmitry"]
[Black "Zaryvkina, Anastasia"]
[Result "0-1"]
[WhiteElo "1879"]
[BlackElo "2081"]
[Annotator ""]
[Source ""]
[Remark ""]

1.e4 c5 2.Nf3 d6 3.Bb5+ Bd7 4.Bxd7+ Qxd7 5.d3 Nc6 6.O-O g6 7.Nbd2
Bg7 8.c3 b5 9.Re1 e6 10.Nf1 Nge7 11.Bd2 O-O 12.Qc1 f5 13.Bh6
e5 14.Bxg7 Kxg7 15.Qd2 Rae8 16.Rad1 d5 17.exd5 Nxd5 18.c4 Nc7
19.Qc3 b4 20.Qc1 Qd6 21.h3 Ne6 22.N1h2 a5 23.b3 Rf7 24.Re3 Ned4
25.Rde1 Rfe7 26.Qd1 Qf6 27.Nxd4 Nxd4 28.Nf3 Qd6 29.Nxd4 Qxd4
30.Qf3 Rd8 31.Qc6 Rd6 32.Qb5 Rdd7 33.Rxe5 Rxe5 34.Rxe5 Qa1+ 0-1

[Event "Moscow Open 2009 B"]
[Site "www.moscowchessopen.ru"]
[Date "2009.02.03"]
[Round "4.152"]
[White "Skoriak, Ivan"]
[Black "Leonov, Dmitry"]
[Result "0-1"]
[WhiteElo "2080"]
[BlackElo "1892"]
[Annotator ""]
[Source ""]
[Remark ""]

1.e4 Nc6 2.d4 d5 3.e5 Bf5 4.Nf3 Qd7 5.Be3 f6 6.Bb5 a6 7.Ba4 e6
8.O-O Bg4 9.exf6 gxf6 10.h3 Bh5 11.Nbd2 Nh6 12.Re1 Bf7 13.c3
Rg8 14.Kf1 Bg6 15.Bc2 Bxc2 16.Qxc2 O-O-O 17.b4 Qg7 18.g3 Nf5
19.Bf4 Re8 20.a4 Bd6 21.Bxd6 Nxd6 22.Rab1 e5 23.b5 Nb8 24.bxa6
Nxa6 25.Nh4 e4 26.Re3 Qd7 27.Kg2 f5 28.Kh2 f4 29.Ree1 Nf5 30.Nxf5
Qxf5 31.Nf1 h5 32.h4 Rg4 33.Rb2 Rxh4+ 34.gxh4 Qg4 35.Qb3 Qxh4+
36.Kg1 Qg5+ 37.Kh1 Rg8 38.Ng3 b6 39.c4 Qh4+ 40.Kg1 fxg3 41.Kf1
g2+ 42.Ke2 Qg4+ 43.Kd2 Qf4+ 44.Qe3 Qxe3+ 45.Kxe3 g1Q 46.Rxg1
Rxg1 47.cxd5 h4 0-1

[Event "Moscow Open 2009 B"]
[Site "www.moscowchessopen.ru"]
[Date "2009.02.03"]
[Round "4.154"]
[White "Sedenko, Anatoly"]
[Black "Tamarovskiy, Andrey"]
[Result "1-0"]
[WhiteElo "2073"]
[BlackElo "1883"]
[Annotator ""]
[Source ""]
[Remark ""]

1.Nf3 d5 2.c4 c6 3.d4 g6 4.Nc3 Bg7 5.e4 dxe4 6.Nxe4 Nf6 7.Nxf6+
Bxf6 8.Be2 O-O 9.O-O Bg7 10.Be3 Nd7 11.Qc1 b6 12.Bh6 Bb7 13.Bxg7
Kxg7 14.Qc3 Nf6 15.Rad1 Qc7 16.Rfe1 Rad8 17.Ne5 Bc8 18.Bf3 c5
19.d5 h5 20.Nc6 Rde8 21.Rxe7 Rxe7 22.d6 Re1+ 23.Qxe1 Qd7 24.Qc3
Bb7 25.Ne5 Qf5 26.Bxb7 Re8 27.d7 Rxe5 28.d8Q Ng4 29.Bf3 1-0

[Event "Moscow Open 2009 B"]
[Site "www.moscowchessopen.ru"]
[Date "2009.02.03"]
[Round "4.155"]
[White "Kanjaryan, Vladimir"]
[Black "Grigoriev, Radimir"]
[Result "1-0"]
[WhiteElo "1877"]
[BlackElo "2065"]
[Annotator ""]
[Source ""]
[Remark ""]

1.e4 e6 2.d4 d5 3.e5 c5 4.c3 Nc6 5.Nf3 cxd4 6.cxd4 Nge7 7.a3
Ng6 8.Nc3 a6 9.b4 b5 10.Be3 Be7 11.Nd2 O-O 12.Bd3 f6 13.exf6
Bxf6 14.Nb3 Nh4 15.O-O Nf5 16.Bxf5 exf5 17.Rc1 Qd6 18.Qf3 Be6
19.Rfd1 g5 20.g3 Rad8 21.Nc5 Bc8 22.Ne2 Kg7 23.Rc2 Rh8 24.Rdc1
Ne7 25.Nd3 Be6 26.Qg2 h5 27.h4 g4 28.Bf4 Qd7 29.Rc7 Qe8 30.R1c6
Bf7 31.Rxf6 Kxf6 32.Be5+ Kg6 33.Bxh8 1-0

[Event "Moscow Open 2009 B"]
[Site "www.moscowchessopen.ru"]
[Date "2009.02.03"]
[Round "4.156"]
[White "Romanov, Stanislav"]
[Black "Krylov, Ivan"]
[Result "1-0"]
[WhiteElo "2058"]
[BlackElo "1877"]
[Annotator ""]
[Source ""]
[Remark ""]

1.e4 c5 2.a3 b6 3.b4 e6 4.bxc5 bxc5 5.Bb2 Nc6 6.Nc3 Nf6 7.Nf3
d5 8.Bb5 Bd7 9.e5 Nxe5 10.Nxe5 Bxb5 11.Nxb5 Qb8 12.a4 a6 13.Nc6
Qb6 14.Be5 axb5 15.axb5 Rxa1 16.Qxa1 Be7 17.Qa6 Qxa6 18.bxa6
Kd7 19.Nb8+ Rxb8 20.Bxb8 Kc6 21.O-O Nd7 22.Rb1 Nb6 23.a7 Na8
24.Bg3 h5 25.h4 1-0

[Event "Moscow Open 2009 B"]
[Site "www.moscowchessopen.ru"]
[Date "2009.02.03"]
[Round "4.157"]
[White "Alieva, Nurlana"]
[Black "Valiev, Emil"]
[Result "0-1"]
[WhiteElo "1874"]
[BlackElo "2058"]
[Annotator ""]
[Source ""]
[Remark ""]

1.e4 e5 2.Nf3 Nc6 3.d4 exd4 4.Nxd4 Nxd4 5.Qxd4 d6 6.Bc4 Qf6 7.Be3
c5 8.Bb5+ Kd8 9.Qxf6+ Nxf6 10.Nc3 a6 11.Bc4 Be6 12.Bxe6 fxe6
13.O-O-O Ng4 14.Bxc5 Kc7 15.h3 Nf6 16.Be3 b5 17.f3 g6 18.Rd3
b4 19.Ne2 e5 20.Rhd1 Be7 21.Kb1 Rab8 22.Bg5 Rhe8 23.Bxf6 Bxf6
24.Rxd6 Rbd8 25.Rxd8 Rxd8 26.Rxd8 Bxd8 27.Nc1 a5 28.Nd3 Kd6 29.c3
bxc3 30.bxc3 Bc7 31.Kc2 Bb6 32.Kb3 Be3 33.Nb2 Kc5 34.Nc4 a4+
35.Kxa4 Kxc4 36.Ka5 Kxc3 37.a4 Kd3 38.Ka6 Ke2 0-1

[Event "Moscow Open 2009 B"]
[Site "www.moscowchessopen.ru"]
[Date "2009.02.03"]
[Round "4.158"]
[White "Matyushin, Lev"]
[Black "Baskakov, Nikolay"]
[Result "0-1"]
[WhiteElo "1865"]
[BlackElo "2055"]
[Annotator ""]
[Source ""]
[Remark ""]

1.d4 Nf6 2.Nf3 d5 3.e3 Bg4 4.c4 e6 5.Be2 c6 6.O-O Bd6 7.cxd5
exd5 8.Ne5 Bf5 9.Bd3 Bxd3 10.Qxd3 O-O 11.Nc3 Re8 12.f4 Nbd7 13.Rf3
Rc8 14.Rh3 Nf8 15.Bd2 b5 16.a3 a5 17.g4 b4 18.axb4 axb4 19.Nd1
Ne4 20.Nf2 f6 21.Nxe4 fxe5 22.Nxd6 Qxd6 23.fxe5 Qe7 24.Rf1 Ng6
25.Qf5 Rf8 26.Qh5 Rxf1+ 27.Kxf1 Nf8 28.Qf5 Ra8 29.Rf3 Ng6 30.Qh5
c5 31.Rh3 Nf8 32.Rf3 c4 33.Qf5 Ng6 34.Qh5 Ra2 35.Qf5 Rxb2 36.Qc8+
Nf8 37.e6 Rxd2 38.Rf7 Qd6 39.e7 Kxf7 40.exf8Q+ Qxf8 41.Qb7+ Kg8+ 0-1

[Event "Moscow Open 2009 B"]
[Site "www.moscowchessopen.ru"]
[Date "2009.02.03"]
[Round "4.159"]
[White "Glazkov, Arseny"]
[Black "Paldyaev, Vladislav"]
[Result "1/2-1/2"]
[WhiteElo "2055"]
[BlackElo "1853"]
[Annotator ""]
[Source ""]
[Remark ""]

1.e4 c5 2.Nf3 d6 3.d4 cxd4 4.Nxd4 Nf6 5.f3 a6 6.c4 g6 7.Nc3 Bg7
8.Be3 O-O 9.Be2 Bd7 10.O-O Nc6 11.Qd2 Rc8 12.Rac1 Re8 13.Rfd1
Rf8 14.Bf1 Ne8 15.Nd5 Ne5 16.Qb4 Rb8 17.b3 Nc6 18.Qd2 Nxd4 19.Bxd4
Bxd4+ 20.Qxd4 e6 21.Nb6 Bc6 22.b4 Qg5 23.a4 Rd8 24.b5 axb5 25.axb5
Bd7 26.g3 e5 27.Qd2 Qh5 28.Be2 Qh3 29.Bf1 Be6 1/2-1/2

[Event "Moscow Open 2009 B"]
[Site "www.moscowchessopen.ru"]
[Date "2009.02.03"]
[Round "4.160"]
[White "Masich, Vladimir"]
[Black "Kvasov, Sergey"]
[Result "0-1"]
[WhiteElo "2053"]
[BlackElo "1850"]
[Annotator ""]
[Source ""]
[Remark ""]

1.c4 f5 2.g3 e6 3.Bg2 Nf6 4.d3 Bb4+ 5.Nd2 O-O 6.a3 Bxd2+ 7.Bxd2
d6 8.Nf3 e5 9.O-O Nc6 10.Bc3 Qe8 11.b4 Nd8 12.Nd2 Ne6 13.e3 Rb8
14.Re1 b6 15.d4 e4 16.d5 Ng5 17.h4 Nf7 18.Bxf6 gxf6 19.Nb3 Ne5
20.Qe2 c5 21.b5 a5 22.Nd2 Qg6 23.Kh2 Kh8 24.Bh3 Rb7 25.Ra2 Rg8
26.Bg2 Re7 27.Kg1 Bd7 28.Nb1 Qg7 29.Nc3 Be8 30.Na4 Rb7 31.Rc1
Qh6 32.Kf1 Bh5 33.Qb2 Nd3 34.Qc3 Nxc1 35.Qxc1 Qg7 36.Bh3 Bg4
37.Bg2 Qe7 38.Qc3 Qe5 39.Qd2 Qe7 40.Qc3 Re8 41.Qb2 Qe5 42.Qd2
f4 43.exf4 Qd4 44.Qxd4 cxd4 45.Rd2 d3 46.Nc3 f5 0-1

[Event "Moscow Open 2009 B"]
[Site "www.moscowchessopen.ru"]
[Date "2009.02.03"]
[Round "4.161"]
[White "De Luna Butz, Alberto"]
[Black "Matsokina, Evgenia"]
[Result "1-0"]
[WhiteElo "1849"]
[BlackElo "2036"]
[Annotator ""]
[Source ""]
[Remark ""]

1.d4 Nf6 2.Bg5 Ne4 3.Bf4 c5 4.d5 Qa5+ 5.c3 Qb6 6.Qc2 Nf6 7.c4
e6 8.Nc3 Na6 9.e4 Nb4 10.Qc1 exd5 11.exd5 Be7 12.a3 Na6 13.Bd3
O-O 14.Nf3 Nh5 15.Be3 Nc7 16.O-O f5 17.b4 f4 18.Na4 Qh6 19.Bxc5
d6 20.Bd4 Bd7 21.Nc3 g5 22.Re1 Bf6 23.Bxf6 Nxf6 24.Ne4 Nxe4 25.Bxe4
g4 26.Nd4 Rf6 27.Qd2 Qh5 28.f3 g3 29.h3 Raf8 30.Bd3 R8f7 31.Bf1
Rh6 32.Re2 b5 33.Nxb5 Nxb5 34.cxb5 Bxb5 35.Re6 Bd7 36.Rxh6 Qxh6
37.Rc1 Bf5 38.a4 Rg7 39.Qd4 Re7 40.b5 Qg5 41.b6 axb6 42.Qxb6
Bxh3 43.gxh3 g2 44.Bxg2 Re2 45.Qb8+ Kg7 46.Rc7+ Kh6 47.Qf8+ Kg6
48.Rg7+ 1-0

[Event "Moscow Open 2009 B"]
[Site "www.moscowchessopen.ru"]
[Date "2009.02.03"]
[Round "4.162"]
[White "Pylaev, Evgenij"]
[Black "Moshensky, Denis"]
[Result "1-0"]
[WhiteElo "2032"]
[BlackElo "1847"]
[Annotator ""]
[Source ""]
[Remark ""]

1.e4 c5 2.b3 Nc6 3.Bb2 d6 4.Nf3 Nf6 5.Nc3 e6 6.d4 cxd4 7.Nxd4
Be7 8.Be2 O-O 9.O-O a6 10.Qd2 Qc7 11.Rad1 Bd7 12.Kh1 Rfd8 13.Qe3
e5 14.Nf3 Be6 15.Nd5 Bxd5 16.exd5 Nb8 17.c4 Nbd7 18.Bd3 h5 19.Bb1
a5 20.Ba3 1-0

[Event "Moscow Open 2009 B"]
[Site "www.moscowchessopen.ru"]
[Date "2009.02.03"]
[Round "4.163"]
[White "Kovalev, Evgeny I"]
[Black "Remizov, Alexander"]
[Result "1/2-1/2"]
[WhiteElo "1832"]
[BlackElo "2032"]
[Annotator ""]
[Source ""]
[Remark ""]

1.e4 c5 2.Nf3 Nc6 3.d4 cxd4 4.Nxd4 e5 5.Nb5 a6 6.Nd6+ Bxd6 7.Qxd6
Qf6 8.Qxf6 Nxf6 9.Nc3 d5 10.Nxd5 Nxd5 11.exd5 Nb4 12.Bd3 f5 13.f3
Kf7 14.O-O Re8 15.Re1 b5 16.Bd2 Nxd5 17.c4 Nb6 18.cxb5 Rd8 19.Ba5
Rxd3 20.Bxb6 axb5 21.Rxe5 Rb8 22.Rxb5 Rd6 23.Bc7 Rxb5 24.Bxd6
Rxb2 25.a4 Ba6 26.a5 Ke6 27.Bc7 Rc2 28.Bb6 Rd2 29.Re1+ 1/2-1/2

[Event "Moscow Open 2009 B"]
[Site "www.moscowchessopen.ru"]
[Date "2009.02.03"]
[Round "4.164"]
[White "Babaev, Mikhail"]
[Black "Parakhoni, Anna"]
[Result "1/2-1/2"]
[WhiteElo "2023"]
[BlackElo "1793"]
[Annotator ""]
[Source ""]
[Remark ""]

1.d4 e6 2.Nf3 f5 3.g3 b6 4.d5 Be7 5.c4 Bb7 6.Bg2 Nf6 7.Nc3 Na6
8.O-O Nc5 9.Nd2 a5 10.b3 e5 11.e4 fxe4 12.Ndxe4 O-O 13.Bb2 Nfxe4
14.Nxe4 Nxe4 15.Bxe4 d6 16.Qc2 g6 17.f4 Bf6 18.fxe5 Bxe5 19.Bxe5
dxe5 20.Rxf8+ Qxf8 21.Rf1 Qc5+ 22.Qf2 a4 23.b4 Qxc4 24.Qf7+ Kh8
25.Qf6+ Kg8 26.Qe6+ Kh8 27.Qxe5+ Kg8 28.Qe6+ Kh8 29.Qe7 Qd4+
30.Rf2 Bxd5 31.Bxd5 Qxd5 32.Rf7 Qd1+ 33.Kg2 Qd2+ 34.Kh3 Qh6+
35.Kg4 Qh5+ 36.Kf4 Qh6+ 37.Kg4 Qh5+ 38.Kf4 Qh6+ 39.Ke4 a3 1/2-1/2

[Event "Moscow Open 2009 B"]
[Site "www.moscowchessopen.ru"]
[Date "2009.02.03"]
[Round "4.165"]
[White "Komov, Sergey"]
[Black "Yusubov, Timur"]
[Result "1-0"]
[WhiteElo "1809"]
[BlackElo "2023"]
[Annotator ""]
[Source ""]
[Remark ""]

1.e4 c6 2.d4 d5 3.Nc3 dxe4 4.Nxe4 Nf6 5.Nxf6+ gxf6 6.Ne2 Bg4
7.f3 Bh5 8.Nf4 Bg6 9.Nxg6 hxg6 10.c3 e6 11.Be3 Bd6 12.f4 Qc7
13.Qd2 Nd7 14.c4 c5 15.d5 e5 16.g3 exf4 17.gxf4 O-O-O 18.O-O-O
Rde8 19.Kb1 f5 20.h3 Nf6 21.Bd3 Ne4 22.Qc1 Ng3 23.Rh2 Nh5 24.Rf1
Re7 25.Rf3 Rhe8 26.Rhf2 Kb8 27.Bd2 Nf6 28.Rf1 Ne4 29.Be1 Rd7
30.Qc2 Be7 31.Bh4 f6 32.Qg2 1-0

[Event "Moscow Open 2009 B"]
[Site "www.moscowchessopen.ru"]
[Date "2009.02.03"]
[Round "4.166"]
[White "Paravyan, David"]
[Black "Zaitsev, Vladimir"]
[Result "1/2-1/2"]
[WhiteElo "2021"]
[BlackElo "1780"]
[Annotator ""]
[Source ""]
[Remark ""]

1.d4 f5 2.Bg5 Nf6 3.Bxf6 exf6 4.e3 d5 5.Bd3 Be6 6.Ne2 Bd6 7.Nf4
Bxf4 8.exf4 Qd6 9.Qd2 O-O 10.O-O Nc6 11.c3 Rfe8 12.Na3 a6 13.Nc2
Re7 14.g3 g6 15.Rfb1 Na5 16.b4 Nc4 17.Bxc4 dxc4 18.Re1 Rae8 19.Ne3
Bd5 20.Nxd5 Qxd5 21.Rxe7 Rxe7 22.Re1 Re4 23.f3 Rxe1+ 24.Qxe1 1/2-1/2

[Event "Moscow Open 2009 B"]
[Site "www.moscowchessopen.ru"]
[Date "2009.02.03"]
[Round "4.167"]
[White "Rigovich, Albert"]
[Black "Litvinov, Konstantin"]
[Result "1-0"]
[WhiteElo "2016"]
[BlackElo "1768"]
[Annotator ""]
[Source ""]
[Remark ""]

1.e4 e6 2.d4 d5 3.Nc3 dxe4 4.Nxe4 Bd7 5.Nf3 Bc6 6.Bd3 Bxe4 7.Bxe4
c6 8.O-O Nf6 9.Bd3 Be7 10.h3 Nbd7 11.Bf4 O-O 12.Qe2 Rc8 13.c3
c5 14.Rad1 Qb6 15.Bb1 Rfd8 16.Rfe1 a6 17.d5 Nxd5 18.Rxd5 exd5
19.Qxe7 Qf6 20.Qe3 Qc6 21.Qd3 g6 22.Qe3 f6 23.Qe7 Nf8 24.Bh6
Rd7 25.Qe3 Rdd8 26.Qd3 Qd7 27.Rd1 Qf7 28.a3 c4 29.Qd2 Ne6 30.Be3
b5 31.h4 h5 32.Bh6 Kh7 33.Be3 Kg7 34.Nd4 Nc5 35.Ne2 Ne6 36.Nd4
Nc5 37.f3 Qd7 38.Qf2 Qd6 39.f4 Re8 40.f5 Nb3 41.fxg6 Nxd4 42.Rxd4
Rcd8 1-0

[Event "Moscow Open 2009 B"]
[Site "www.moscowchessopen.ru"]
[Date "2009.02.03"]
[Round "4.168"]
[White "Marder, Elena"]
[Black "Sokolov, Boris"]
[Result "0-1"]
[WhiteElo "1747"]
[BlackElo "2015"]
[Annotator ""]
[Source ""]
[Remark ""]

1.c4 Nf6 2.Nf3 g6 3.g3 Bg7 4.Bg2 O-O 5.O-O c6 6.d4 d5 7.cxd5
cxd5 8.Nc3 Nc6 9.a3 Ne4 10.e3 Nxc3 11.bxc3 Bg4 12.h3 Bf5 13.Nd2
Qd7 14.Kh2 Bd3 15.Re1 Na5 16.e4 e5 17.exd5 exd4 18.Nf3 Bc4 19.cxd4
Bxd5 20.Bb2 f6 21.Bc3 Nc6 22.Qd2 Rf7 23.Rab1 Bf8 24.Qb2 Qc7 25.Nh4
Ne7 26.Bb4 Qb6 27.Qd2 Qc6 28.Rbc1 Qd7 29.Bc3 Bxg2 30.Nxg2 Nd5
31.Bb2 Nb6 32.Ne3 Bh6 33.Qd3 Na4 34.Ba1 b5 35.Rb1 a6 36.Ng4 Bg7
37.Qe3 Qd5 38.Rbc1 Nb6 39.Rc5 Qa2 40.Rc6 Nc4 41.Qc3 h5 42.Ne3
Qxf2+ 43.Ng2 Nd2 44.Re3 Nf1+ 45.Kh1 Nxe3 46.Qxe3 Qf1+ 47.Qg1
Qd3 48.Nf4 Qf3+ 49.Qg2 Qd3 50.Bc3 b4 51.Be1 Re8 52.Qd2 Qf3+ 0-1

[Event "Moscow Open 2009 B"]
[Site "www.moscowchessopen.ru"]
[Date "2009.02.03"]
[Round "4.169"]
[White "Kosov, Igor"]
[Black "Pankov, Gennady"]
[Result "0-1"]
[WhiteElo "1743"]
[BlackElo "2014"]
[Annotator ""]
[Source ""]
[Remark ""]

1.d4 Nf6 2.c4 e6 3.Nc3 Bb4 4.Qc2 d5 5.a3 Bxc3+ 6.Qxc3 h6 7.Nf3
c6 8.g3 Nbd7 9.Bg2 Ne4 10.Qc2 O-O 11.O-O f5 12.Nd2 Ndf6 13.Nxe4
fxe4 14.Bf4 Ng4 15.h3 Nf6 16.b4 a6 17.a4 Bd7 18.Be5 Be8 19.Rab1
Bg6 20.b5 Kh7 21.e3 axb5 22.axb5 Rc8 23.bxc6 bxc6 24.c5 Nd7 25.Bd6
Rf3 26.Qd1 Rf7 27.Qa4 Qe8 28.Qa6 Bh5 29.g4 Bg6 30.Rb7 Qd8 31.Ra7
h5 32.Bg3 e5 33.Qa1 exd4 34.Qxd4 hxg4 35.hxg4 Qe7 36.Kh2 Qxc5
37.Qa1 Nf6 38.Rxf7 Nxg4+ 39.Kg1 Bxf7 40.Bh3 Bh5 41.Qa6 Rf8 42.Qb7
Nxe3 43.Be5 Rf7 0-1

[Event "Moscow Open 2009 B"]
[Site "www.moscowchessopen.ru"]
[Date "2009.02.03"]
[Round "4.170"]
[White "Yudin, Andrey"]
[Black "Kagner, Roman"]
[Result "0-1"]
[WhiteElo "2013"]
[BlackElo "1737"]
[Annotator ""]
[Source ""]
[Remark ""]

1.d4 d5 2.c4 e6 3.Nf3 Nf6 4.g3 c6 5.Bg2 Nbd7 6.Nbd2 b6 7.O-O
Bb7 8.b3 Be7 9.a4 O-O 10.e3 c5 11.Ba3 cxd4 12.Bxe7 Qxe7 13.Nxd4
Ne5 14.Rc1 Rac8 15.cxd5 Nxd5 16.Qh5 Ng6 17.Ne4 Ba6 18.Rfd1 Rxc1
19.Rxc1 Qa3 20.Qd1 Ne5 21.Nc3 Nd3 22.Rc2 N5b4 23.Rd2 Rc8 24.Ncb5
Qc1 25.Nxa7 Nb2 26.Ne2 Qxd1+ 27.Rxd1 Nxd1 28.Nxc8 Bxc8 29.Nd4
Nd3 0-1

[Event "Moscow Open 2009 B"]
[Site "www.moscowchessopen.ru"]
[Date "2009.02.03"]
[Round "4.172"]
[White "Raondi, Yan-Martin"]
[Black "Rakhmatulaev, Konstantin"]
[Result "0-1"]
[WhiteElo "1702"]
[BlackElo "2002"]
[Annotator ""]
[Source ""]
[Remark ""]

1.Nf3 Nf6 2.g3 g6 3.Bg2 Bg7 4.O-O O-O 5.c4 d6 6.Nc3 e5 7.d3 Nh5
8.Bg5 f6 9.Bd2 f5 10.e3 Nd7 11.b4 c6 12.Rb1 Re8 13.e4 Ndf6 14.exf5
Bxf5 15.Bg5 h6 16.Be3 Qd7 17.Nh4 Kh7 18.Nxf5 Qxf5 19.Ne4 Qd7
20.Nxf6+ Nxf6 21.h3 d5 22.Re1 d4 23.Bc1 Bf8 24.a3 Re7 25.Kh2
Rae8 26.Be4 Nxe4 27.Rxe4 Rf7 28.Rb2 Qf5 29.Kg2 Bg7 30.Qg4 Ref8
31.Ree2 Qf3+ 32.Qxf3 Rxf3 33.Rb3 g5 34.a4 Kg6 35.g4 h5 36.Ra3
hxg4 37.hxg4 R3f7 38.Raa2 Rh8 39.f3 Kf6 40.Bd2 Bf8 41.Be1 0-1

[Event "Moscow Open 2009 B"]
[Site "www.moscowchessopen.ru"]
[Date "2009.02.03"]
[Round "4.173"]
[White "Tolmachev, Aleksander"]
[Black "Makhno, Mikhail"]
[Result "1-0"]
[WhiteElo "2002"]
[BlackElo "1621"]
[Annotator ""]
[Source ""]
[Remark ""]

1.d4 Nf6 2.c4 e5 3.dxe5 Ng4 4.Bf4 Nc6 5.Nf3 Bb4+ 6.Nbd2 Qe7 7.a3
Ngxe5 8.Nxe5 Nxe5 9.e3 Bxd2+ 10.Qxd2 d6 11.Be2 O-O 12.O-O Re8
13.Rac1 Ng6 14.Bg3 Bf5 15.c5 dxc5 16.Qd5 Be4 17.Qxc5 Qxc5 18.Rxc5
c6 19.f3 Bd5 20.e4 f6 21.Rd1 Rad8 22.Kf2 Bf7 23.Rxd8 Rxd8 24.Ke3
Ne7 25.b4 a6 26.a4 Bb3 27.Bc4+ Bxc4 28.Rxc4 Rd1 29.Rd4 Ra1 30.Rd7
Ng6 31.a5 Ra3+ 32.Kd4 Ra2 33.Rxb7 Rxg2 34.Kc5 Ne5 35.Bxe5 fxe5
36.Kxc6 Rxh2 37.b5 Rh6+ 38.Kc5 axb5 39.Kxb5 Rh3 40.a6 Rxf3 41.a7
Ra3 42.Kc5 h6 43.Rb8+ Kf7 44.a8Q Rxa8 45.Rxa8 Ke6 46.Re8+ Kf6
47.Kd6 g5 48.Re6+ Kg7 49.Kxe5 1-0

[Event "Moscow Open 2009 B"]
[Site "www.moscowchessopen.ru"]
[Date "2009.02.03"]
[Round "4.196"]
[White "Popelyshev, Igor V"]
[Black "Malyshev, Roman B"]
[Result "1-0"]
[WhiteElo "2159"]
[BlackElo "1856"]
[Annotator ""]
[Source ""]
[Remark ""]

1.e4 d6 2.f4 Nf6 3.Nc3 g6 4.Nf3 c6 5.d4 Bg7 6.Bd3 O-O 7.O-O b5
8.Ne2 Nbd7 9.c3 e5 10.a4 b4 11.cxb4 exd4 12.Nexd4 Qb6 13.a5 Qxb4
14.Bd2 Qb7 15.a6 Qb8 16.Qc2 Nc5 17.Nxc6 Qb3 18.Qxb3 Nxb3 19.Ra3
Nxd2 20.Nxd2 Re8 21.b4 Bf8 22.Rc3 Bd7 23.b5 Rac8 24.Rfc1 d5 25.e5
d4 26.Rc4 Nd5 27.Rxd4 Nb6 28.Ne4 Ba3 29.Nf6+ Kg7 30.Nxe8+ Bxe8
31.Rc2 Nd7 32.Kf1 Bc5 33.Rxd7 Bxd7 34.Rxc5 Bxc6 35.Rxc6 Rd8 36.Rd6 1-0

[Event "Moscow Open 2009 B"]
[Site "www.moscowchessopen.ru"]
[Date "2009.02.03"]
[Round "4.197"]
[White "Konovalov, Viatcheslav"]
[Black "Petukhov, Nikolay"]
[Result "1-0"]
[WhiteElo "2086"]
[BlackElo "1843"]
[Annotator ""]
[Source ""]
[Remark ""]

1.d4 d5 2.Nf3 e6 3.Nbd2 c5 4.e3 c4 5.c3 Nf6 6.b3 b5 7.a4 bxa4
8.bxc4 Bd7 9.Ne5 Qa5 10.Qc2 Bd6 11.Nxd7 Nbxd7 12.c5 Be7 13.Be2
h5 14.c4 g5 15.cxd5 Nxd5 16.Rxa4 Qc7 17.Bc4 N7f6 18.Ne4 Ng4 19.Bd2
O-O 20.h3 Nh6 21.Bxd5 exd5 22.Ng3 h4 23.Nf5 Nxf5 24.Qxf5 Qc6
25.Qc2 Qb5 26.Ra5 Qd7 27.O-O g4 28.hxg4 Qxg4 29.Qd1 Qg6 30.Qf3
Kh7 31.Rfa1 Rg8 32.Ra6 f6 33.Rxa7 Rxa7 34.Rxa7 Rg7 35.Ra1 Kh8
36.Be1 f5 37.Qxd5 Bf6 38.Qf3 f4 39.exf4 Bxd4 40.f5 Qg3 41.Qh5+
Rh7 42.Ra8+ Kg7 43.Ra7+ 1-0